Podnikatel versus kapitál - kapitál versus podnikatel : dvě tváře jednoho vztahu ve střední Evropě 19. a 20. století
Saved in:
| Other Authors | , , |
|---|---|
| Format | Book |
| Language | Czech Slovak |
| Published |
Praha :
Univerzita Karlova, nakladatelství Karolinum : Národní technické muzeum,
2026
|
| Edition | Vydání druhé upravené, v nakladatelství Karolinum první |
| Subjects | |
| ISBN | 978-80-246-6141-4 |
| Physical Description | 575 stran : ilustrace, portréty, faksimile ; 21 cm |
| LEADER | 00000nam a2200000 i 4500 | ||
|---|---|---|---|
| 001 | 115764 | ||
| 003 | CZ ZlUTB | ||
| 005 | 20260605162555.0 | ||
| 007 | ta | ||
| 008 | 260311s2026 xr ach f 001 0 cze | ||
| 015 | |a cnb003744928 | ||
| 020 | |a 978-80-246-6141-4 |q (Karolinum ; |q brožováno) | ||
| 040 | |a BOA001 |b cze |e rda | ||
| 041 | 0 | |a cze |a slo |b eng | |
| 043 | |a e-xr--- |a ec----- | ||
| 045 | |a w-x- | ||
| 072 | 7 | |a 658 |x Řízení a správa podniku |2 Konspekt |9 4 | |
| 080 | |a 658.114 |2 MRF | ||
| 080 | |a 658.14 |2 MRF | ||
| 080 | |a 336.7 |2 MRF | ||
| 080 | |a (437.3) |2 MRF | ||
| 080 | |a (4-191.2) |2 MRF | ||
| 080 | |a (048.8:082) |2 MRF | ||
| 245 | 0 | 0 | |a Podnikatel versus kapitál - kapitál versus podnikatel : |b dvě tváře jednoho vztahu ve střední Evropě 19. a 20. století / |c Miloš Hořejš, Eduard Kubů, Barbora Štolleová (editoři) |
| 250 | |a Vydání druhé upravené, v nakladatelství Karolinum první | ||
| 264 | 1 | |a Praha : |b Univerzita Karlova, nakladatelství Karolinum : |b Národní technické muzeum, |c 2026 | |
| 300 | |a 575 stran : |b ilustrace, portréty, faksimile ; |c 21 cm | ||
| 336 | |a text |b txt |2 rdacontent | ||
| 337 | |a bez média |b n |2 rdamedia | ||
| 338 | |a svazek |b nc |2 rdacarrier | ||
| 504 | |a Obsahuje bibliografie, bibliografické odkazy a rejstříky | ||
| 546 | |a Částečně slovenský text, anglické resumé | ||
| 648 | 7 | |a 19.-20. století |7 ch757015 |2 czenas | |
| 650 | 0 | 7 | |a podnikání |7 ph115766 |z Česko |y 19.-20. století |2 czenas |
| 650 | 0 | 7 | |a podnikání |7 ph115766 |z Evropa střední |y 19.-20. století |2 czenas |
| 650 | 0 | 7 | |a financování podniku |7 ph507318 |z Česko |y 19.-20. století |2 czenas |
| 650 | 0 | 7 | |a financování podniku |7 ph507318 |z Evropa střední |y 19.-20. století |2 czenas |
| 650 | 0 | 7 | |a finanční instituce |7 ph114549 |z Česko |y 19.-20. století |2 czenas |
| 650 | 0 | 7 | |a finanční instituce |7 ph114549 |z Evropa střední |y 19.-20. století |2 czenas |
| 650 | 0 | 9 | |a business |z Czechia |y 19th-20th centuries |2 eczenas |
| 650 | 0 | 9 | |a business |z Europe, Central |y 19th-20th centuries |2 eczenas |
| 650 | 0 | 9 | |a enterprise financing |z Czechia |y 19th-20th centuries |2 eczenas |
| 650 | 0 | 9 | |a enterprise financing |z Europe, Central |y 19th-20th centuries |2 eczenas |
| 650 | 0 | 9 | |a financial institutions |z Czechia |y 19th-20th centuries |2 eczenas |
| 650 | 0 | 9 | |a financial institutions |z Europe, Central |y 19th-20th centuries |2 eczenas |
| 655 | 7 | |a kolektivní monografie |7 fd501537 |2 czenas | |
| 655 | 9 | |a collective monographs |2 eczenas | |
| 700 | 1 | |a Hořejš, Miloš, |d 1976- |7 xx0061903 |4 edt | |
| 700 | 1 | |a Kubů, Eduard, |d 1951- |7 jn20000401528 |4 edt | |
| 700 | 1 | |a Štolleová, Barbora, |d 1976- |7 jo2007409375 |4 edt | |
| 710 | 2 | |a Nakladatelství Karolinum |7 ko2003164638 |4 pbl | |
| 710 | 2 | |a Národní technické muzeum (Praha, Česko) |7 kn20010709076 |4 pbl | |
| 910 | |a ZLD002 | ||
| 928 | 9 | |a Karolinum | |
| 942 | |2 udc | ||
| 952 | |0 0 |1 0 |4 0 |5 0 |6 658PODNIKATEL |7 -1 |8 BOOK |9 191463 |a UTBZL |b UTBZL |c 031 |d 2026-06-05 |l 0 |o 658/PODNIKATEL |p 420010202242 |r 2026-06-05 16:27:02 |v 490.00 |w 2026-06-05 |x N:nákup |y 01 | ||
| 992 | |a BK |b SKNEW | ||
| 999 | |c 115764 |d 115764 | ||